|
|
|
|
| LEADER |
00000nam0a2200000 4500 |
| 001 |
363622 |
| 005 |
20231102011616.0 |
| 035 |
|
|
|a (RuTPU)RU\TPU\retro\20969
|
| 090 |
|
|
|a 363622
|
| 100 |
|
|
|a 20211006d1980 km y0rusy50 ca
|
| 101 |
0 |
|
|a rus
|
| 102 |
|
|
|a UA
|
| 105 |
|
|
|a a z 001zy
|
| 200 |
1 |
|
|a Литология, минералогия и геохимия месторождений самородной серы
|e сборник научных трудов
|f Академия наук Украинской ССР, Институт геологии и геохимии горючих ископаемых ; отв. ред. В. И. Китык
|
| 210 |
|
|
|a Киев
|c Наукова думка
|d 1980
|
| 215 |
|
|
|a 148 с.
|c ил.
|
| 320 |
|
|
|a Библиогр. в конце ст.
|
| 606 |
1 |
|
|a Сера самородная
|x Месторождения
|2 stltpush
|3 (RuTPU)RU\TPU\subj\54638
|9 72754
|
| 610 |
1 |
|
|a литология
|
| 610 |
1 |
|
|a геохимические исследования
|
| 610 |
1 |
|
|a сульфаты
|
| 610 |
1 |
|
|a сульфатные отложения
|
| 610 |
1 |
|
|a сероводород
|
| 610 |
1 |
|
|a Дагестан
|
| 610 |
1 |
|
|a Предкарпатье
|
| 610 |
1 |
|
|a образование
|
| 675 |
|
|
|a 553.661
|v 4
|
| 702 |
|
1 |
|a Китык
|b В. И.
|4 340
|
| 712 |
0 |
2 |
|a Академия наук Украинской ССР
|b Институт геологии и геохимии горючих ископаемых
|2 stltpush
|3 (RuTPU)RU\TPU\col\11474
|9 25115
|
| 801 |
|
1 |
|a RU
|b 63413507
|c 20211006
|
| 942 |
|
|
|c BK
|